[Event "EU-ch U16 26th"]
[Site "Prague"]
[Date "2016.08.20"]
[Round "3"]
[White "Nguyen, Kevin"]
[Black "Laurent Paoli, Pierre"]
[Result "1/2-1/2"]
[WhiteElo "2169"]
[BlackElo "2318"]
[PlyCount "105"]
[EventDate "2016.08.18"]
[EventType "swiss"]
[EventRounds "9"]
[EventCountry "CZE"]
[SourceTitle "CBM 174 Extra"]
[Source "ChessBase"]
[SourceDate "2016.10.10"]
[SourceVersion "1"]
[SourceVersionDate "2016.10.10"]
[SourceQuality "1"]

1. e4 c6 2. Nf3 d5 3. Nc3 Bg4 4. h3 Bxf3 5. Qxf3 e6 6. Qg3 Ne7 7. d3 Ng6 8. Bd2 Be7 9. 0-0-0 Bh4 10. Qf3 Bg5 11. Qe2 d4 12. Nb1 e5 13. g3 Nd7 14. h4 Bxd2+ 15. Qxd2 h6 16. f4 Qe7 17. Bh3 h5 18. Qf2 Nf6 19. Rdf1 b5 20. Nd2 c5 21. Bf5 Rh6 22. Nf3 exf4 23. gxf4 Ng4 24. Qg3 Ne3 25. Re1 Qc7 26. Ne5 Nxe5 27. fxe5 g6 28. Qg5 Rh8 29. Bxg6 Rg8 30. Qf6 fxg6 31. Rhf1 Nxf1 32. Rxf1 Qd7 33. e6 Qe7 34. Qf7+ Qxf7 35. exf7+ Ke7 36. fxg8Q Rxg8 37. Rg1 Kf6 38. Rg5 Rc8 39. Kd2 a6 40. Rd5 Ke6 41. Rg5 Kf6 42. Ke2 Kg7 43. e5 Rf8 44. e6 Rf6 45. Rxc5 Rxe6+ 46. Kf2 Kf6 47. a4 bxa4 48. Rc4 Rb6 49. Rxa4 Rxb2 50. Rxa6+ Kf5 51. Kf3 Rxc2 52. Ra5+ Kf6 53. Ra6+ 1/2-1/2

[Event "EU-ch U16 26th"]
[Site "Prague"]
[Date "2016.08.19"]
[Round "2"]
[White "Warmerdam, Max"]
[Black "Nguyen, Kevin"]
[Result "1/2-1/2"]
[WhiteElo "2372"]
[BlackElo "2169"]
[PlyCount "103"]
[EventDate "2016.08.18"]
[EventType "swiss"]
[EventRounds "9"]
[EventCountry "CZE"]
[SourceTitle "CBM 174 Extra"]
[Source "ChessBase"]
[SourceDate "2016.10.10"]
[SourceVersion "1"]
[SourceVersionDate "2016.10.10"]
[SourceQuality "1"]

1. e4 c5 2. Nf3 Nc6 3. d4 cxd4 4. Nxd4 Nf6 5. Nc3 g6 6. Nxc6 bxc6 7. e5 Ng8 8. Bc4 Qa5 9. Bf4 Bg7 10. 0-0 Bxe5 11. Bxe5 Qxe5 12. Re1 Qf4 13. Ne4 Kf8 14. Qd4 Nf6 15. g3 Qf5 16. Nxf6 Qxf6 17. Qxf6 exf6 18. Bb3 d5 19. c4 Be6 20. cxd5 cxd5 21. Red1 Rd8 22. Rac1 Rd7 23. Ba4 Rb7 24. b3 Kg7 25. Rc5 Rd8 26. Rd4 Rd6 27. b4 Kf8 28. f3 Ke7 29. Kf2 Ra6 30. Bb3 Rab6 31. a3 Rb5 32. Rc6 R5b6 33. Rxb6 Rxb6 34. a4 Kd6 35. Ke3 Rc6 36. Kd2 f5 37. b5 Rb6 38. Kc3 a6 39. Kb4 axb5 40. a5 Rc6 41. Kxb5 Rc3 42. Rb4 Kd7 43. a6 Kc7 44. Ka5 Bc8 45. f4 Rc6 46. Bxd5 Rxa6+ 47. Kb5 Rb6+ 48. Kc5 Rxb4 49. Kxb4 Be6 50. Kc5 Bxd5 51. Kxd5 Kd7 52. h3 1/2-1/2

[Event "EU-ch U16 26th"]
[Site "Prague"]
[Date "2016.08.18"]
[Round "1"]
[White "Nguyen, Kevin"]
[Black "Hakobyan, Hakob V"]
[Result "1-0"]
[WhiteElo "2169"]
[BlackElo "1792"]
[PlyCount "55"]
[EventDate "2016.08.18"]
[EventType "swiss"]
[EventRounds "9"]
[EventCountry "CZE"]
[SourceTitle "CBM 174 Extra"]
[Source "ChessBase"]
[SourceDate "2016.10.10"]
[SourceVersion "1"]
[SourceVersionDate "2016.10.10"]
[SourceQuality "1"]

1. Nf3 d5 2. g3 Nf6 3. Bg2 e6 4. 0-0 Be7 5. d3 0-0 6. Nbd2 c5 7. e4 Nc6 8. Re1 b5 9. e5 Nd7 10. Nf1 b4 11. h4 a5 12. N1h2 a4 13. Bf4 Ra7 14. Bh3 b3 15. c3 bxa2 16. Rxa2 Qb6 17. Nd2 Qa6 18. Bf1 Nb6 19. Qh5 d4 20. Ng4 Nd5 21. Bg5 Kh8 22. Ne4 g6 23. Qh6 Rg8 24. Ngf6 Nxf6 25. Bxf6+ Bxf6 26. exf6 Ne5 27. Ng5 Nf3+ 28. Nxf3 1-0

[Event "Vlissingen HZ op 20th"]
[Site "Vlissingen"]
[Date "2016.08.13"]
[Round "9"]
[White "Nguyen, Kevin"]
[Black "Nitin, Senthilvel"]
[Result "0-1"]
[WhiteElo "2169"]
[BlackElo "2398"]
[PlyCount "52"]
[EventDate "2016.08.06"]
[EventType "swiss"]
[EventRounds "9"]
[EventCountry "NED"]
[SourceTitle "CBM 173 Extra"]
[Source "ChessBase"]
[SourceDate "2016.08.29"]
[SourceVersion "1"]
[SourceVersionDate "2016.08.29"]
[SourceQuality "1"]

1. e4 c5 2. Nc3 a6 3. g3 b5 4. Bg2 Bb7 5. d3 e6 6. Nh3 h5 7. 0-0 b4 8. Nb1 d5 9. Qe2 Be7 10. f4 Nf6 11. exd5 Bxd5 12. f5 e5 13. Nd2 Nc6 14. Nf3 Ng4 15. Nhg5 Qb6 16. Kh1 Bf6 17. c4 bxc3 18. bxc3 Ne7 19. Bd2 Rd8 20. Rab1 Qc7 21. d4 cxd4 22. Qxa6 dxc3 23. Rfc1 Qc4 24. Qb6 e4 25. Nxf7 Bxf7 26. Bxc3 exf3 0-1